| 000 | 005770000a22001810004500 | ||
|---|---|---|---|
| 090 |
_aAR _b01998 |
||
| 245 | 1 | 0 | _aPhylogenetic relationships in Drosophila: a conflict between molecular and morphological data |
| 650 | 1 | 4 |
_aBiología molecular _993011 |
| 650 | 1 | 4 |
_aMorfología _992917 |
| 650 | 1 | 4 |
_aCladística _912117 |
| 650 | 1 | 4 |
_aFilogenética _94310 |
| 650 | 1 | 4 |
_aEvolución _992797 |
| 041 | 0 | _aInglés | |
| 700 | 1 |
_aHunt, John A. _995444 |
|
| 100 | 1 |
_aThomas, Richard H. _995445 |
|
| 942 | _cARTICULO | ||
| 773 | 1 |
_tMolecular Biology and Evolution _3888 _h2 _q362-374 _d1993 _g10 |
|
| 999 |
_c11075 _d11075 |
||